[Event "World Chess Olympiad 2018"]
[Site "Batumi"]
[Date "2018.10.03"]
[Round "9"]
[Board "1"]
[WhiteFideId "5122279"]
[White "Cofre Archibold Nestor"]
[BlackFideId "4700600"]
[Black "Mehmeti Dritan"]
[Result "1-0"]
[LiveChessVersion "1.4.8"]
[BlackElo "2391"]
[WhiteElo "2346"]

1. d4 {[%clk 1:30:57]} Nf6 {[%clk 1:30:48]} 2. c4 {[%clk 1:31:21]} e6
{[%clk 1:30:16]} 3. g3 {[%clk 1:31:39]} c5 {[%clk 1:29:21]} 4. d5
{[%clk 1:31:54]} exd5 {[%clk 1:28:39]} 5. cxd5 {[%clk 1:32:19]} d6
{[%clk 1:28:51]} 6. Nc3 {[%clk 1:32:43]} g6 {[%clk 1:28:59]} 7. Nf3
{[%clk 1:32:43]} Bg7 {[%clk 1:29:18]} 8. Bg2 {[%clk 1:33:09]} O-O
{[%clk 1:29:43]} 9. O-O {[%clk 1:33:34]} Re8 {[%clk 1:29:11]} 10. Nd2
{[%clk 1:33:37]} a6 {[%clk 1:25:57]} 11. a4 {[%clk 1:33:59]} Nbd7
{[%clk 1:25:58]} 12. h3 {[%clk 1:33:58]} Qc7 {[%clk 1:24:37]} 13. Nc4
{[%clk 1:30:49]} Rb8 {[%clk 1:16:55]} 14. Bf4 {[%clk 1:31:06]} Bf8
{[%clk 1:16:58]} 15. a5 {[%clk 1:30:37]} b5 {[%clk 1:16:59]} 16. axb6
{[%clk 1:30:56]} Nxb6 {[%clk 1:17:22]} 17. Na5 {[%clk 1:31:22]} Bd7
{[%clk 1:16:02]} 18. e4 {[%clk 1:18:38]} Bb5 {[%clk 1:14:59]} 19. Nxb5
{[%clk 1:17:38]} axb5 {[%clk 1:15:21]} 20. Nc6 {[%clk 1:16:20]} Ra8
{[%clk 1:15:18]} 21. Qc2 {[%clk 1:11:47]} Nh5 {[%clk 1:09:05]} 22. Bg5
{[%clk 1:10:40]} h6 {[%clk 1:04:15]} 23. Rxa8 {[%clk 1:05:07]} Rxa8
{[%clk 1:03:37]} 24. Bc1 {[%clk 1:05:31]} Bg7 {[%clk 1:03:02]} 25. e5
{[%clk 1:05:23]} Bf8 {[%clk 0:53:26]} 26. g4 {[%clk 1:00:43]} Ng7
{[%clk 0:53:37]} 27. exd6 {[%clk 0:54:34]} Qxd6 {[%clk 0:52:20]} 28. Bxh6
{[%clk 0:54:20]} Re8 {[%clk 0:49:57]} 29. Rd1 {[%clk 0:53:45]} f5
{[%clk 0:47:05]} 30. Qc1 {[%clk 0:53:06]} fxg4 {[%clk 0:46:20]} 31. hxg4
{[%clk 0:52:56]} Nd7 {[%clk 0:45:12]} 32. Bf4 {[%clk 0:48:06]} Qf6
{[%clk 0:45:12]} 33. Bg5 {[%clk 0:48:07]} Qd6 {[%clk 0:44:16]} 34. Qf4
{[%clk 0:47:41]} Re2 {[%clk 0:42:48]} 35. b3 {[%clk 0:45:51]} Qxf4
{[%clk 0:35:15]} 36. Bxf4 {[%clk 0:46:15]} Ne8 {[%clk 0:34:05]} 37. d6
{[%clk 0:45:59]} Kg7 {[%clk 0:33:49]} 38. g5 {[%clk 0:45:33]} Re6
{[%clk 0:31:22]} 39. Bh3 {[%clk 0:45:41]} 1-0

[Event "World Chess Olympiad 2018"]
[Site "Batumi"]
[Date "2018.10.03"]
[Round "9"]
[Board "2"]
[WhiteFideId "4701178"]
[White "Pasko Llambi"]
[BlackFideId "5105439"]
[Black "Dominguez Aguilar Guillermo"]
[Result "1-0"]
[LiveChessVersion "1.4.8"]
[BlackElo "2324"]
[WhiteElo "2386"]

1. d4 {[%clk 1:30:56]} Nf6 {[%clk 1:30:31]} 2. Nf3 {[%clk 1:31:15]} g6
{[%clk 1:30:46]} 3. c4 {[%clk 1:31:36]} Bg7 {[%clk 1:31:03]} 4. Nc3
{[%clk 1:32:00]} O-O {[%clk 1:31:11]} 5. e4 {[%clk 1:32:17]} d6 {[%clk 1:31:18]}
6. Be2 {[%clk 1:32:43]} c5 {[%clk 1:31:41]} 7. O-O {[%clk 1:32:15]} Nc6
{[%clk 1:31:03]} 8. d5 {[%clk 1:31:58]} Na5 {[%clk 1:31:11]} 9. Rb1
{[%clk 1:30:37]} e6 {[%clk 1:30:10]} 10. Nd2 {[%clk 1:23:40]} exd5
{[%clk 1:29:15]} 11. cxd5 {[%clk 1:24:04]} a6 {[%clk 1:18:27]} 12. a3
{[%clk 1:21:46]} Qc7 {[%clk 1:16:36]} 13. Qc2 {[%clk 1:16:26]} c4
{[%clk 1:15:00]} 14. Nd1 {[%clk 1:16:50]} b5 {[%clk 1:14:45]} 15. b3
{[%clk 1:16:54]} Re8 {[%clk 1:14:28]} 16. Ne3 {[%clk 1:15:19]} Bd7
{[%clk 1:08:32]} 17. bxc4 {[%clk 1:15:07]} bxc4 {[%clk 1:08:42]} 18. Bb2
{[%clk 1:13:58]} Rac8 {[%clk 0:56:56]} 19. Bd4 {[%clk 1:11:12]} Nb3
{[%clk 0:52:16]} 20. Nxb3 {[%clk 1:11:25]} cxb3 {[%clk 0:52:35]} 21. Qb2
{[%clk 1:11:52]} Qd8 {[%clk 0:50:51]} 22. Bxa6 {[%clk 1:11:47]} Ra8
{[%clk 0:50:21]} 23. Bd3 {[%clk 1:12:03]} Ra4 {[%clk 0:50:31]} 24. Nc4
{[%clk 1:09:44]} Bb5 {[%clk 0:47:13]} 25. Qxb3 {[%clk 1:09:51]} Bxc4
{[%clk 0:47:32]} 26. Bxc4 {[%clk 1:10:18]} Qa8 {[%clk 0:47:48]} 27. Bb2
{[%clk 1:04:04]} Rb8 {[%clk 0:44:03]} 28. Qd3 {[%clk 0:59:57]} Ng4
{[%clk 0:42:23]} 29. Bxg7 {[%clk 1:00:10]} Rxb1 {[%clk 0:42:33]} 30. Qxb1
{[%clk 0:53:06]} Kxg7 {[%clk 0:40:09]} 31. Qb2+ {[%clk 0:48:42]} f6
{[%clk 0:39:00]} 32. Be2 {[%clk 0:48:25]} Rxe4 {[%clk 0:37:54]} 33. Qc2
{[%clk 0:47:32]} Qxd5 {[%clk 0:33:45]} 34. Bf3 {[%clk 0:46:01]} Qe5
{[%clk 0:22:42]} 35. g3 {[%clk 0:46:29]} Rd4 {[%clk 0:22:55]} 36. Qc7+
{[%clk 0:46:56]} Kh6 {[%clk 0:22:06]} 37. h3 {[%clk 0:47:16]} Nxf2
{[%clk 0:22:20]} 38. Qc1+ {[%clk 0:47:23]} g5 {[%clk 0:20:46]} 39. Kxf2
{[%clk 0:47:34]} Rd3 {[%clk 0:20:22]} 40. Kg2 {[%clk 1:15:57]} Rc3
{[%clk 0:50:29]} 41. Qe1 {[%clk 1:06:18]} Rc2+ {[%clk 0:46:56]} 42. Kh1
{[%clk 1:06:38]} Ra2 {[%clk 0:26:38]} 43. Qxe5 {[%clk 1:06:21]} dxe5
{[%clk 0:26:50]} 44. Be4 {[%clk 1:06:41]} Rxa3 {[%clk 0:26:33]} 45. Rxf6+
{[%clk 1:07:02]} Kg7 {[%clk 0:26:56]} 46. Rf3 {[%clk 1:07:29]} Ra1+
{[%clk 0:26:51]} 47. Kg2 {[%clk 1:07:05]} Re1 {[%clk 0:27:02]} 48. Bf5
{[%clk 1:06:33]} h5 {[%clk 0:27:09]} 49. Rf1 {[%clk 1:06:46]} Re3
{[%clk 0:26:52]} 50. Rf3 {[%clk 1:05:39]} Re1 {[%clk 0:27:17]} 51. Kf2
{[%clk 1:05:57]} Ra1 {[%clk 0:27:00]} 52. Bd3 {[%clk 1:05:43]} Ra2+
{[%clk 0:26:52]} 53. Ke3 {[%clk 1:05:23]} g4 {[%clk 0:23:29]} 54. hxg4
{[%clk 1:05:21]} hxg4 {[%clk 0:23:53]} 55. Rf5 {[%clk 1:05:24]} 1-0

[Event "World Chess Olympiad 2018"]
[Site "Batumi"]
[Date "2018.10.03"]
[Round "9"]
[Board "3"]
[WhiteFideId "5114241"]
[White "Tello Chavez Isaac Valent"]
[BlackFideId "4700066"]
[Black "Ashiku Franc"]
[Result "0-1"]
[LiveChessVersion "1.4.8"]
[BlackElo "2373"]
[WhiteElo "2319"]

1. d4 {[%clk 1:30:55]} f5 {[%clk 1:30:52]} 2. Bg5 {[%clk 1:31:16]} g6
{[%clk 1:31:13]} 3. e3 {[%clk 1:31:38]} Bg7 {[%clk 1:31:26]} 4. Nf3
{[%clk 1:31:18]} Nf6 {[%clk 1:31:11]} 5. Bc4 {[%clk 1:30:47]} d6 {[%clk 1:31:04]}
6. Nc3 {[%clk 1:19:11]} e6 {[%clk 1:30:22]} 7. Qe2 {[%clk 1:14:30]} h6
{[%clk 1:29:19]} 8. Bxf6 {[%clk 1:11:13]} Qxf6 {[%clk 1:27:44]} 9. e4
{[%clk 1:11:14]} O-O {[%clk 1:21:25]} 10. exf5 {[%clk 1:07:58]} gxf5
{[%clk 1:20:57]} 11. O-O {[%clk 1:05:02]} d5 {[%clk 1:16:31]} 12. Bd3
{[%clk 1:03:55]} c5 {[%clk 1:16:17]} 13. dxc5 {[%clk 0:56:40]} Nd7
{[%clk 1:15:13]} 14. Na4 {[%clk 0:36:05]} Kh8 {[%clk 1:02:57]} 15. Rad1
{[%clk 0:31:32]} e5 {[%clk 0:50:43]} 16. Bb5 {[%clk 0:30:52]} e4 {[%clk 0:49:52]}
17. Nd4 {[%clk 0:29:57]} Ne5 {[%clk 0:42:55]} 18. f4 {[%clk 0:29:15]} Nc6
{[%clk 0:28:19]} 19. c3 {[%clk 0:23:22]} Qg6 {[%clk 0:27:31]} 20. Qe3
{[%clk 0:19:45]} Bd7 {[%clk 0:26:29]} 21. Bxc6 {[%clk 0:16:51]} Bxc6
{[%clk 0:25:53]} 22. Nxc6 {[%clk 0:15:15]} bxc6 {[%clk 0:25:17]} 23. Rd2
{[%clk 0:15:07]} Bf6 {[%clk 0:24:55]} 24. Kh1 {[%clk 0:09:37]} Rf7
{[%clk 0:24:27]} 25. b3 {[%clk 0:08:04]} Rd8 {[%clk 0:24:38]} 26. Qe2
{[%clk 0:03:53]} Rg7 {[%clk 0:23:23]} 27. Qa6 {[%clk 0:03:25]} Bh4
{[%clk 0:23:18]} 28. Re2 {[%clk 0:02:35]} Rdg8 {[%clk 0:19:33]} 29. Nb2
{[%clk 0:01:40]} Qh5 {[%clk 0:19:38]} 30. Nd1 {[%clk 0:01:11]} Bg3
{[%clk 0:19:56]} 31. h3 {[%clk 0:01:39]} Rg4 {[%clk 0:19:10]} 32. Qxc6
{[%clk 0:00:57]} R4g6 {[%clk 0:19:04]} 33. Qb5 {[%clk 0:00:31]} a6
{[%clk 0:19:27]} 0-1

[Event "World Chess Olympiad 2018"]
[Site "Batumi"]
[Date "2018.10.03"]
[Round "9"]
[Board "4"]
[WhiteFideId "4700031"]
[White "Seitaj Ilir"]
[BlackFideId "5110491"]
[Black "Garcia Almaguer Juan Manuel"]
[Result "1-0"]
[LiveChessVersion "1.4.8"]
[BlackElo "2229"]
[WhiteElo "2360"]

1. e4 {[%clk 1:30:57]} Nf6 {[%clk 1:30:38]} 2. Nc3 {[%clk 1:30:11]} d6
{[%clk 1:30:35]} 3. d4 {[%clk 1:30:29]} g6 {[%clk 1:30:45]} 4. Nf3
{[%clk 1:30:50]} Bg7 {[%clk 1:30:26]} 5. Be2 {[%clk 1:31:12]} O-O
{[%clk 1:30:50]} 6. O-O {[%clk 1:31:35]} Bg4 {[%clk 1:28:58]} 7. Bg5
{[%clk 1:30:31]} c6 {[%clk 1:24:47]} 8. Qd2 {[%clk 1:29:50]} Re8 {[%clk 1:21:46]}
9. Rfe1 {[%clk 1:29:28]} Nbd7 {[%clk 1:16:45]} 10. Rad1 {[%clk 1:25:21]} e5
{[%clk 1:11:08]} 11. dxe5 {[%clk 1:04:49]} dxe5 {[%clk 1:08:41]} 12. h3
{[%clk 1:04:54]} Bxf3 {[%clk 1:03:16]} 13. Bxf3 {[%clk 1:05:16]} Nf8
{[%clk 1:02:55]} 14. Qxd8 {[%clk 1:02:04]} Rexd8 {[%clk 1:02:03]} 15. Be3
{[%clk 1:02:01]} b6 {[%clk 1:00:13]} 16. Rxd8 {[%clk 0:58:01]} Rxd8
{[%clk 1:00:36]} 17. Rd1 {[%clk 0:58:23]} Rxd1+ {[%clk 0:58:04]} 18. Bxd1
{[%clk 0:58:46]} Ne6 {[%clk 0:58:14]} 19. Be2 {[%clk 0:55:07]} Nd4 20. Bd3
{[%clk 0:55:13]} Nd7 {[%clk 0:55:30]} 21. b4 {[%clk 0:50:48]} Bf8
{[%clk 0:54:48]} 22. a3 {[%clk 0:51:05]} Bd6 {[%clk 0:44:22]} 23. Kf1
{[%clk 0:50:37]} Kf8 {[%clk 0:44:39]} 24. Ne2 {[%clk 0:50:14]} Ne6
{[%clk 0:44:29]} 25. c3 {[%clk 0:49:45]} Ke7 {[%clk 0:44:00]} 26. g3
{[%clk 0:50:05]} c5 {[%clk 0:43:22]} 27. Bc4 {[%clk 0:46:40]} Nc7
{[%clk 0:40:55]} 28. b5 {[%clk 0:46:48]} a6 {[%clk 0:38:12]} 29. a4
{[%clk 0:44:54]} axb5 {[%clk 0:38:32]} 30. axb5 {[%clk 0:44:43]} Nf6
{[%clk 0:36:57]} 31. f3 {[%clk 0:44:05]} Ke8 {[%clk 0:30:36]} 32. Nc1
{[%clk 0:43:27]} Nh5 {[%clk 0:28:00]} 33. Kf2 {[%clk 0:42:32]} Ke7
{[%clk 0:26:36]} 34. Nd3 {[%clk 0:42:30]} Ne6 {[%clk 0:26:13]} 35. Bd5
{[%clk 0:39:24]} Nf6 {[%clk 0:24:41]} 36. Bc4 {[%clk 0:37:44]} Nh5
{[%clk 0:24:33]} 37. Bc1 {[%clk 0:37:35]} Nf6 {[%clk 0:15:05]} 38. Nb2
{[%clk 0:37:37]} Ne8 {[%clk 0:14:44]} 39. Nd1 {[%clk 0:35:59]} N8c7
{[%clk 0:10:56]} 40. h4 {[%clk 1:05:23]} Kd7 {[%clk 0:36:09]} 41. Bh6
{[%clk 1:05:10]} Bf8 {[%clk 0:35:38]} 42. Bd2 {[%clk 0:59:33]} Be7
{[%clk 0:33:26]} 43. Ne3 {[%clk 0:58:46]} Bd8 {[%clk 0:33:10]} 44. Ng4
{[%clk 0:58:36]} Kd6 {[%clk 0:32:21]} 45. Nh6 {[%clk 0:57:47]} Ke7
{[%clk 0:32:08]} 46. Kg2 {[%clk 0:56:06]} Ne8 {[%clk 0:31:39]} 47. Ng4
{[%clk 0:55:49]} f6 {[%clk 0:31:43]} 48. Ne3 {[%clk 0:55:29]} Nd6
{[%clk 0:31:40]} 49. Bd3 {[%clk 0:50:56]} Nc7 {[%clk 0:31:28]} 50. c4
{[%clk 0:50:02]} Ne6 {[%clk 0:24:45]} 51. Kf2 {[%clk 0:43:16]} Kf7
{[%clk 0:21:45]} 52. Bf1 {[%clk 0:43:34]} Nc8 {[%clk 0:18:57]} 53. Bh3
{[%clk 0:43:34]} Ne7 {[%clk 0:19:13]} 54. Nd5 {[%clk 0:38:04]} Nd4
{[%clk 0:17:40]} 55. Bd7 {[%clk 0:33:36]} Nxd5 {[%clk 0:16:00]} 56. exd5
{[%clk 0:28:56]} f5 {[%clk 0:13:36]} 57. Bh6 {[%clk 0:24:53]} Bf6
{[%clk 0:12:33]} 58. Bd2 {[%clk 0:22:24]} Ke7 {[%clk 0:11:01]} 59. Bc8
{[%clk 0:20:24]} Kd8 {[%clk 0:09:31]} 60. Bb7 {[%clk 0:20:30]} Kc7
{[%clk 0:08:33]} 61. Bc6 {[%clk 0:20:36]} Nb3 {[%clk 0:08:32]} 62. Bh6
{[%clk 0:12:38]} Na5 {[%clk 0:06:16]} 63. d6+ {[%clk 0:13:02]} Kxd6
{[%clk 0:06:31]} 64. Bd5 {[%clk 0:13:27]} Ke7 {[%clk 0:05:19]} 65. Bg8
{[%clk 0:13:09]} f4 {[%clk 0:03:29]} 66. gxf4 {[%clk 0:13:05]} Bxh4+
{[%clk 0:03:37]} 67. Ke3 {[%clk 0:13:27]} Bg3 {[%clk 0:03:18]} 68. fxe5
{[%clk 0:13:01]} Bxe5 {[%clk 0:03:42]} 69. Ke4 {[%clk 0:13:14]} Bc3
{[%clk 0:03:33]} 70. Kd5 {[%clk 0:13:14]} Nb3 {[%clk 0:03:55]} 71. f4
{[%clk 0:10:52]} Nd4 {[%clk 0:03:31]} 72. Bg5+ {[%clk 0:07:29]} Kf8
{[%clk 0:03:40]} 73. Be6 {[%clk 0:07:45]} h5 {[%clk 0:03:25]} 74. Bd7
{[%clk 0:07:19]} Kf7 {[%clk 0:03:38]} 75. Bd8 {[%clk 0:07:28]} Ba5
{[%clk 0:04:01]} 76. Kd6 {[%clk 0:06:56]} Nf5+ {[%clk 0:03:11]} 77. Kc7
{[%clk 0:06:50]} Ne3 {[%clk 0:02:43]} 78. Bc6 {[%clk 0:06:47]} Ke6
{[%clk 0:02:59]} 79. Be4 {[%clk 0:06:58]} Nxc4 {[%clk 0:01:58]} 80. Bxg6
{[%clk 0:07:20]} Bd2 {[%clk 0:02:04]} 81. f5+ {[%clk 0:07:19]} Ke5
{[%clk 0:02:21]} 82. f6 {[%clk 0:07:26]} Ke6 {[%clk 0:01:13]} 83. Bxh5
{[%clk 0:07:10]} Bc3 {[%clk 0:00:59]} 84. f7 {[%clk 0:06:49]} Bg7
{[%clk 0:01:14]} 85. Kc6 {[%clk 0:06:44]} Ne5+ {[%clk 0:00:52]} 86. Kxb6
{[%clk 0:06:58]} Nxf7 {[%clk 0:00:36]} 87. Bxf7+ {[%clk 0:04:51]} Kxf7
{[%clk 0:01:01]} 88. Kxc5 {[%clk 0:05:09]} Ke8 {[%clk 0:01:27]} 89. Bg5
{[%clk 0:04:47]} Kd7 {[%clk 0:01:39]} 90. Kb6 {[%clk 0:04:38]} Bd4+
{[%clk 0:01:18]} 91. Kb7 {[%clk 0:04:56]} Bf2 {[%clk 0:00:39]} 92. Bf4
{[%clk 0:05:04]} Bd4 {[%clk 0:00:58]} 93. Bb8 {[%clk 0:05:25]} Be3
{[%clk 0:00:46]} 94. Ka8 {[%clk 0:05:32]} Bb6 {[%clk 0:00:57]} 95. Kb7
{[%clk 0:05:37]} Be3 {[%clk 0:01:18]} 96. Ka6 {[%clk 0:05:53]} Bc5
{[%clk 0:00:40]} 97. Ba7 {[%clk 0:06:15]} Bd6 {[%clk 0:01:03]} 98. b6
{[%clk 0:04:45]} Kc6 {[%clk 0:00:37]} 99. b7 {[%clk 0:05:04]} Be5
{[%clk 0:00:49]} 100. Bd4 {[%clk 0:05:06]} Bb8 {[%clk 0:01:09]} 101. Be3
{[%clk 0:05:22]} Kd7 {[%clk 0:01:21]} 102. Kb6 {[%clk 0:05:35]} Kd8
{[%clk 0:01:32]} 103. Kc6 {[%clk 0:05:52]} Ke7 {[%clk 0:01:38]} 104. Bb6
{[%clk 0:05:31]} Ke8 {[%clk 0:01:32]} 105. Bc7 {[%clk 0:05:51]} Ba7
{[%clk 0:01:58]} 106. Bg3 {[%clk 0:06:04]} Ke7 {[%clk 0:02:12]} 107. Kc7
{[%clk 0:06:15]} 1-0

[Event "World Chess Olympiad 2018"]
[Site "Batumi"]
[Date "2018.10.03"]
[Round "9"]
[Board "1"]
[WhiteFideId "6200176"]
[White "Teerapabpaisit Wisuwat"]
[BlackFideId "13801163"]
[Black "Taalaibekov Tagir"]
[Result "1/2-1/2"]
[LiveChessVersion "1.4.8"]
[BlackElo "2291"]
[WhiteElo "2154"]

1. e4 {[%clk 1:30:57]} d6 {[%clk 1:30:50]} 2. d4 {[%clk 1:31:19]} Nf6
{[%clk 1:31:18]} 3. Nc3 {[%clk 1:31:32]} Nbd7 {[%clk 1:31:44]} 4. Nf3
{[%clk 1:31:14]} e5 {[%clk 1:31:54]} 5. Bc4 {[%clk 1:31:24]} Be7 {[%clk 1:32:20]}
6. O-O {[%clk 1:31:28]} O-O {[%clk 1:32:47]} 7. Re1 {[%clk 1:31:44]} c6
{[%clk 1:33:02]} 8. a4 {[%clk 1:32:02]} exd4 {[%clk 1:33:23]} 9. Qxd4
{[%clk 1:31:50]} d5 {[%clk 1:32:34]} 10. exd5 {[%clk 1:26:17]} Bc5
{[%clk 1:30:07]} 11. Qh4 {[%clk 1:24:22]} Nb6 {[%clk 0:49:43]} 12. Bd3
{[%clk 1:13:48]} h6 {[%clk 0:40:54]} 13. dxc6 {[%clk 1:08:17]} bxc6
{[%clk 0:29:29]} 14. Ne4 {[%clk 1:08:19]} Be7 {[%clk 0:19:32]} 15. Nxf6+
{[%clk 1:08:21]} Bxf6 {[%clk 0:19:58]} 16. Qe4 {[%clk 1:08:41]} g6
{[%clk 0:20:24]} 17. Bxh6 {[%clk 1:09:04]} Bf5 {[%clk 0:20:50]} 18. Qe2
{[%clk 1:03:37]} Bxd3 {[%clk 0:20:15]} 19. cxd3 {[%clk 1:02:28]} Re8 20. Qxe8+
Qxe8 {[%clk 0:20:53]} 21. Rxe8+ {[%clk 1:03:12]} Rxe8 {[%clk 0:21:14]} 22. Rc1
{[%clk 0:53:36]} Bxb2 {[%clk 0:20:01]} 23. Rxc6 {[%clk 0:53:36]} Nxa4
{[%clk 0:19:10]} 24. Be3 {[%clk 0:52:50]} Rd8 {[%clk 0:08:43]} 25. d4
{[%clk 0:46:45]} Nc3 {[%clk 0:07:30]} 26. Kf1 {[%clk 0:46:50]} Nb5
{[%clk 0:06:21]} 27. Rc4 {[%clk 0:29:36]} a5 {[%clk 0:06:51]} 28. Ra4
{[%clk 0:29:46]} Bc3 {[%clk 0:06:31]} 29. Ke2 {[%clk 0:29:34]} Bb4
{[%clk 0:04:34]} 30. Kd3 {[%clk 0:29:37]} Rc8 {[%clk 0:03:45]} 31. Bd2
{[%clk 0:29:42]} Nc3 {[%clk 0:03:25]} 32. Ra1 {[%clk 0:29:52]} a4
{[%clk 0:01:43]} 33. Ne1 {[%clk 0:25:48]} Nd5 {[%clk 0:00:33]} 34. Rxa4
{[%clk 0:25:49]} Bd6 {[%clk 0:00:52]} 35. Nf3 {[%clk 0:25:14]} Rb8
{[%clk 0:00:45]} 36. Ra5 {[%clk 0:25:03]} Ne7 {[%clk 0:00:45]} 37. Ra6
{[%clk 0:24:13]} Bc7 {[%clk 0:00:55]} 38. Ne5 {[%clk 0:16:11]} Rb3+
{[%clk 0:00:47]} 39. Kc2 {[%clk 0:16:01]} Rb5 {[%clk 0:01:00]} 40. Ra7
{[%clk 0:39:57]} Nd5 {[%clk 0:30:34]} 41. g3 {[%clk 0:37:46]} Rb8
{[%clk 0:21:36]} 42. Ba5 {[%clk 0:35:47]} Bxe5 {[%clk 0:16:04]} 43. dxe5
{[%clk 0:36:12]} Re8 {[%clk 0:16:27]} 44. f4 {[%clk 0:35:31]} Ne3+
{[%clk 0:16:47]} 45. Kd3 {[%clk 0:34:31]} Nf1 {[%clk 0:17:13]} 46. g4
{[%clk 0:33:09]} Nxh2 {[%clk 0:16:21]} 47. g5 {[%clk 0:33:18]} Nf3
{[%clk 0:16:40]} 48. Bb4 {[%clk 0:32:59]} Rd8+ {[%clk 0:15:37]} 49. Kc4
{[%clk 0:30:25]} Rd4+ {[%clk 0:09:44]} 50. Kc3 {[%clk 0:30:19]} Rxf4
{[%clk 0:09:59]} 51. Be7 {[%clk 0:23:23]} Nxe5 {[%clk 0:09:03]} 52. Bf6
{[%clk 0:22:55]} Rxf6 {[%clk 0:09:21]} 53. gxf6 {[%clk 0:23:19]} Ng4
{[%clk 0:09:49]} 54. Ra8+ {[%clk 0:21:25]} Kh7 {[%clk 0:10:16]} 55. Rf8
{[%clk 0:21:44]} Nh6 {[%clk 0:10:45]} 56. Kd4 {[%clk 0:21:26]} g5
{[%clk 0:11:06]} 57. Ra8 {[%clk 0:20:22]} Kg6 {[%clk 0:11:03]} 58. Ra6
{[%clk 0:20:42]} Kf5 {[%clk 0:11:14]} 59. Ke3 {[%clk 0:19:55]} Ng4+
{[%clk 0:11:36]} 60. Kf3 {[%clk 0:20:15]} Nxf6 {[%clk 0:11:52]} 61. Ra5+
{[%clk 0:20:25]} Kg6 {[%clk 0:12:12]} 62. Ra6 {[%clk 0:20:45]} Kg7
{[%clk 0:11:57]} 63. Ra5 {[%clk 0:21:08]} Nh7 {[%clk 0:11:51]} 64. Kg4
{[%clk 0:20:30]} Kg6 {[%clk 0:08:05]} 65. Ra6+ {[%clk 0:20:54]} Nf6+
{[%clk 0:05:27]} 66. Kf3 {[%clk 0:21:21]} Kg7 {[%clk 0:05:51]} 67. Ra5
{[%clk 0:21:42]} Kh6 {[%clk 0:06:06]} 68. Ra7 {[%clk 0:21:34]} Kg7
{[%clk 0:05:02]} 69. Ra5 {[%clk 0:21:19]} Nh7 {[%clk 0:07:26]} 70. Kg4
{[%clk 0:21:40]} Kg6 {[%clk 0:07:53]} 71. Ra6+ {[%clk 0:21:57]} f6
{[%clk 0:08:17]} 72. Rb6 {[%clk 0:22:07]} Nf8 {[%clk 0:08:07]} 73. Rd6
{[%clk 0:22:25]} Nh7 {[%clk 0:07:39]} 1/2-1/2

[Event "World Chess Olympiad 2018"]
[Site "Batumi"]
[Date "2018.10.03"]
[Round "9"]
[Board "2"]
[WhiteFideId "13800337"]
[White "Abdyjapar Asyl"]
[BlackFideId "6201610"]
[Black "Kulpruethanon Thanadon"]
[Result "1-0"]
[LiveChessVersion "1.4.8"]
[BlackElo "2291"]
[WhiteElo "2372"]

1. d4 {[%clk 1:30:48]} d5 {[%clk 1:30:54]} 2. c4 {[%clk 1:31:13]} e6
{[%clk 1:31:19]} 3. Nf3 {[%clk 1:31:35]} Nf6 {[%clk 1:31:43]} 4. Nc3
{[%clk 1:32:01]} c6 {[%clk 1:32:08]} 5. Bg5 {[%clk 1:31:56]} Nbd7
{[%clk 1:32:24]} 6. e3 {[%clk 1:32:14]} Qa5 {[%clk 1:32:47]} 7. cxd5
{[%clk 1:32:39]} Nxd5 {[%clk 1:33:03]} 8. Qb3 {[%clk 1:32:36]} e5
{[%clk 1:28:48]} 9. Bd3 {[%clk 1:21:34]} h6 {[%clk 1:12:55]} 10. Bh4
{[%clk 1:21:07]} exd4 {[%clk 1:12:56]} 11. exd4 {[%clk 1:21:32]} Bd6
{[%clk 1:04:11]} 12. O-O {[%clk 1:20:43]} O-O {[%clk 1:04:14]} 13. Nxd5
{[%clk 1:20:39]} Qxd5 {[%clk 1:03:49]} 14. Qxd5 {[%clk 1:20:12]} cxd5
{[%clk 1:04:17]} 15. Bg3 {[%clk 1:20:09]} Bxg3 {[%clk 1:03:58]} 16. hxg3
{[%clk 1:20:35]} Nf6 {[%clk 1:01:16]} 17. Rac1 {[%clk 1:20:33]} Be6
{[%clk 1:00:49]} 18. Rc7 {[%clk 1:20:30]} Rfb8 {[%clk 1:00:11]} 19. Ne5
{[%clk 1:17:44]} Ne8 {[%clk 0:58:59]} 20. Rc5 {[%clk 1:15:59]} Nd6
{[%clk 0:54:30]} 21. f3 {[%clk 1:16:08]} Rd8 {[%clk 0:44:44]} 22. Rfc1
{[%clk 1:13:59]} h5 {[%clk 0:43:29]} 23. Kf2 {[%clk 1:13:38]} g6 {[%clk 0:43:36]}
24. b3 {[%clk 1:09:16]} Bf5 {[%clk 0:41:01]} 25. Bxf5 {[%clk 1:08:36]} Nxf5
{[%clk 0:41:25]} 26. Rc7 {[%clk 1:08:58]} Nd6 {[%clk 0:40:14]} 27. R1c5
{[%clk 1:05:39]} Rac8 {[%clk 0:39:15]} 28. Ke3 {[%clk 0:59:17]} Rxc7
{[%clk 0:39:06]} 29. Rxc7 {[%clk 0:59:43]} Kg7 {[%clk 0:37:06]} 30. Kd3
{[%clk 0:59:35]} Kf6 {[%clk 0:35:45]} 31. Nd7+ {[%clk 0:54:27]} Kf5
{[%clk 0:35:51]} 32. Nc5 {[%clk 0:54:28]} Kg5 33. Nxb7 {[%clk 0:53:37]} Nxb7
{[%clk 0:07:46]} 34. Rxb7 {[%clk 0:54:02]} f5 {[%clk 0:06:41]} 35. Rxa7
{[%clk 0:53:23]} f4 {[%clk 0:07:06]} 36. gxf4+ {[%clk 0:52:17]} Kxf4
{[%clk 0:07:30]} 37. Rc7 {[%clk 0:49:56]} Kg3 {[%clk 0:07:04]} 38. Rc2
{[%clk 0:50:18]} 1-0